000 00737nam a2200253 i 4500
003 DO-SdBNP
005 20230928094853.0
007 ta
008 110413s2000 dr 000 0 spa d
040 _aDO-SdBNP
_bspa
_cBNPHU
_erda
082 _bR426g
_222
100 _952164
110 _aRepública Dominicana.
_bSecretaria de Estado de Trabajo
_9491
245 1 0 _aGuía del empleador para llenar los formularios laborales
264 1 _aSanto Domingo :
_bImpresión Neuquen,
_c2000.
300 _a57 páginas
_c22 cm.
336 _2rdacontent
_atexto
_btxt
337 _2rdamedia
_asin mediación
_bn
338 _2rdacarrier
_avolumen
_bnc
500 _a
590 _aInventariado, 2023/ DG
910 _aDG
942 _2ddc
_cLBS1
999 _c54990
_d54990